We Almost Broke Up Again Last Night - Sabrina Carpenter (All Lyrics) - Statistics

General Stats
  • This quiz has been taken 294 times
  • The average score is 251 of 284
Answer Stats
Lyrics % Correct
a
99%
again
98%
again,
98%
almost
98%
broke
98%
up
98%
up,
98%
We
98%
we
98%
I
97%
"I
97%
last
97%
night
97%
and
96%
And
96%
the
96%
then
96%
Then
96%
You
96%
All
95%
all
95%
ha
95%
it
95%
made
95%
so
95%
to
95%
love
94%
our
94%
that
94%
were
94%
we're
94%
"I'm
93%
I'm
93%
said
93%
said)
93%
said,
93%
sex
93%
had
92%
he
92%
is
92%
Is
92%
it's
92%
amends,
91%
hear
91%
me
91%
of
90%
sorry's"
90%
("Sorry's"
90%
that's
90%
That's
90%
you's"
90%
be
89%
what
89%
friends
88%
in
88%
say
88%
how
87%
right
87%
Been
86%
been
86%
here
86%
his
86%
know
86%
know"
86%
my
86%
"Yeah,
86%
Yeah,
86%
we'll
84%
Called
82%
goes?
82%
times
82%
predictable
81%
Oh
80%
oh
80%
alarm
79%
apart
79%
false
79%
before
78%
driftin'
78%
fucking
78%
itself,
78%
repeats
78%
thousand
78%
Bullshit
77%
eyes,
77%
him
77%
no
77%
sees
77%
tomorrow
77%
we've
77%
when
77%
out
76%
saying
76%
Gave
73%
gave
73%
head
73%
something
72%
about
71%
memory
71%
(Selective
70%
talk
70%
Big
69%
deal,
69%
got
69%
sounds
69%
tell
69%
close
68%
give
68%
looks,
68%
tone
66%
heart
65%
other
65%
sweet
65%
whole
65%
working
65%
treats
64%
boys
63%
compete
63%
on
63%
though)
63%
'em
61%
Least
59%
plug
59%
pull
59%
starts
59%
swear,
59%
them
56%
days,
53%
little
52%
much
51%
reach
50%
No matching quizzes found
Score Distribution
Percent of People with Each Score
Percentile by Number Answered
Your Score History
You have not taken this quiz